Normal view
MARC view
Entry Topical Term
001 - CONTROL NUMBER
- control field: 763094
003 - CONTROL NUMBER IDENTIFIER
- control field: OSt
005 - DATE AND TIME OF LATEST TRANSACTION
- control field: 20250508153049.0
008 - FIXED-LENGTH DATA ELEMENTS
- fixed length control field: 250508|| aca||aabn | a|a d
040 ## - CATALOGING SOURCE
- Original cataloging agency: OSt
- Transcribing agency: OSt
150 ## - HEADING--TOPICAL TERM
- Topical term or geographic name entry element: Science Education; Indian Science Congress
670 ## - SOURCE DATA FOUND
- Source citation: Work cat.: (OSt)1340472: Proceedings of the forty - fifth Indian science congress
